大家健康115

資料類型: Ser 期刊   書目號:37193

Leader xxxxxxxxxx
001 __ PCLIS00037193
005 __ 20070127195413.13
010 __ |a|b|d
011 0_ |a1000-4149|b|d
022 __ |aCN|b11-1115/F
101 0_ |achi
102 __ |can
110 __ |aaeaz    0yy0
200 1_ |a大家健康115|d|e|f
207 _0 |a|z
210 __ |a|c|d215 0_ |a|d公分
225 __ |a|v
300 __ |a
320 __ |a
326 __ |a月刊
510 1_ |a
517 1_ |a
681 __ |a
687 __ |a
700 __ |a|b|4
710 02 |a|4
712 02 |a|b|4
801 __ |acw|b本館|c20070127
  
  
  
  
  
  
  
  
  
詳細館藏 1-2 筆 (共 2 筆)
索 書 號登 錄 號冊次號館別 / 館藏地流通類型狀態加入預約清單電子資源
411.05 /  31544101 N.422 JAN-FEB 2026 圖書館 / 一樓期刊區 可外借30天 在館   
411.05 /  31544102 N.423 MAR-APR 2026 圖書館 / 一樓期刊區 可外借30天 在館   

| 條列資料




目錄查詢 分類查詢 個人資料 圖書薦購 新書查詢 閉館日 排行榜 更多電子資源 Hami書城 線上資料庫 登出

From : 216.73.216.134

  本日流通累計至 11:46:31 借閱 : 0 次 續借 : 0 次 歸還 : 0 次 預約 : 0 次 電子資源 : 0 次


內湖高中圖書館  PCLIS 版本  25.5.0.2